Tuyển tập các bài toán từ những cuộc thi tại Mỹ - Canada

محفوظ في:
التفاصيل البيبلوغرافية
المؤلف الرئيسي: Vũ Dương Thụy
التنسيق: كتاب
اللغة:Undetermined
منشور في: Hà Nội Giáo dục 2003
الموضوعات:
الوسوم: إضافة وسم
لا توجد وسوم, كن أول من يضع وسما على هذه التسجيلة!
Thư viện lưu trữ: Trung tâm Học liệu Trường Đại học Cần Thơ
LEADER 00596nam a2200205Ia 4500
001 CTU_87243
008 210402s9999 xx 000 0 und d
020 |c 15500 
082 |a 510.076 
082 |b Th523 
100 |a Vũ Dương Thụy 
245 0 |a Tuyển tập các bài toán từ những cuộc thi tại Mỹ - Canada 
245 0 |c Vũ Dương Thụy 
260 |a Hà Nội 
260 |b Giáo dục 
260 |c 2003 
650 |a mathematics 
650 |x problems,exercises 
904 |i Trúc 
980 |a Trung tâm Học liệu Trường Đại học Cần Thơ